[Event "US Open-115"]
[Site "Orlando"]
[Date "2014.07.31"]
[Round "6"]
[White "Ghatti, Sanjay"]
[Black "Regam, Jessica"]
[Result "1/2-1/2"]
[WhiteElo "2024"]
[BlackElo "2031"]
[PlyCount "62"]
[EventDate "2014.07.26"]
[EventType "swiss"]
[EventRounds "9"]
[EventCountry "USA"]
[SourceTitle "CBM 161 Extra"]
[Source "ChessBase"]
[SourceDate "2014.08.29"]
[SourceVersion "1"]
[SourceVersionDate "2014.08.29"]
[SourceQuality "1"]

1. e4 e6 2. Qe2 c5 3. Nf3 Nc6 4. d3 g6 5. g3 Bg7 6. c3 Nge7 7. Bg2 0-0 8. 0-0 d6 9. Nbd2 Qc7 10. a4 a6 11. Nc4 b6 12. Bf4 e5 13. Bd2 h6 14. b4 Bd7 15. a5 bxa5 16. bxa5 Be6 17. Nb6 Rab8 18. c4 Nb4 19. Bxb4 cxb4 20. Rfc1 Bg4 21. Qd2 Bxf3 22. Bxf3 Nc6 23. Nd5 Qa7 24. Qe3 Nd4 25. Rcb1 Qc5 26. Bd1 Rb7 27. Ra4 Nc6 28. Ra2 Rfb8 29. Nb6 Nd4 30. Ra4 Nc6 31. Bg4 Rd8 1/2-1/2

[Event "US Open-115"]
[Site "Orlando"]
[Date "2014.07.27"]
[Round "2"]
[White "Regam, Jessica"]
[Black "Zapata, Alonso"]
[Result "1-0"]
[WhiteElo "2031"]
[BlackElo "2481"]
[PlyCount "80"]
[EventDate "2014.07.26"]
[EventType "swiss"]
[EventRounds "9"]
[EventCountry "USA"]
[SourceTitle "CBM 161 Extra"]
[Source "ChessBase"]
[SourceDate "2014.08.29"]
[SourceVersion "1"]
[SourceVersionDate "2014.08.29"]
[SourceQuality "1"]

1. e4 c5 2. Nf3 e6 3. d4 cxd4 4. Nxd4 a6 5. Bd3 Nf6 6. 0-0 Qc7 7. Qe2 d6 8. c4 g6 9. Nc3 Bg7 10. Be3 0-0 11. Rac1 Nbd7 12. f4 Re8 13. h3 b6 14. b4 Bb7 15. Nb3 Rac8 16. Qf2 Ba8 17. Rc2 Qb8 18. Rfc1 Bc6 19. Nd4 Bb7 20. Nf3 Ba8 21. Nd2 Bc6 22. Rb1 h6 23. Qf1 Bb7 24. Qf2 Ba8 25. Nb3 d5 26. cxd5 Rxc3 27. Rxc3 Nxe4 28. Bxe4 Bxc3 29. dxe6 Bxe4 30. exd7 Bxb1 31. dxe8Q+ Qxe8 32. Bxb6 Bxb4 33. Bd4 Bf8 34. Nc5 a5 35. Qd2 Qb5 36. Nb3 a4 37. Nc1 Qc4 38. Qb2 Be4 39. Qd2 Bd5 40. Qb2 a3 1-0

[Event "Pan American-ch U18 Girls"]
[Site "Oaxtepec"]
[Date "2014.07.13"]
[Round "4"]
[White "Regam, Jessica"]
[Black "Garcia Contreras, Ana Claudia De"]
[Result "1-0"]
[WhiteElo "2031"]
[BlackElo "1921"]
[PlyCount "61"]
[EventDate "2014.07.11"]
[EventType "swiss"]
[EventRounds "9"]
[EventCountry "MEX"]
[SourceTitle "EXT 2022"]
[Source "ChessBase"]
[SourceDate "2021.10.06"]
[SourceVersion "1"]
[SourceVersionDate "2021.10.06"]
[SourceQuality "1"]

1. e4 e5 2. Nf3 Nc6 3. Bb5 a6 4. Ba4 Nf6 5. 0-0 Be7 6. Re1 b5 7. Bb3 d6 8. c3 0-0 9. h3 Na5 10. Bc2 c5 11. d4 Qc7 12. d5 Bd7 13. Nbd2 c4 14. Nf1 Nb7 15. g4 Nc5 16. Ng3 g6 17. Nh2 Ne8 18. Bh6 Ng7 19. Kh1 Kh8 20. Qf3 Qd8 21. Qe3 Rc8 22. Rg1 Rg8 23. f4 f6 24. Rae1 Be8 25. h4 exf4 26. Qxf4 Nd7 27. g5 fxg5 28. hxg5 Ne5 29. Ng4 Qd7 30. Bd1 Rf8 31. Qxf8+ 1-0

[Event "Wch U18 Girls"]
[Site "Al Ain"]
[Date "2013.12.23"]
[Round "8"]
[White "Regam, Jessica"]
[Black "Baraeva, Marina"]
[Result "1/2-1/2"]
[WhiteElo "2019"]
[BlackElo "2136"]
[PlyCount "94"]
[EventDate "2013.12.18"]
[EventType "swiss"]
[EventRounds "11"]
[EventCountry "UAE"]
[SourceTitle "CBM 158 Extra"]
[Source "ChessBase"]
[SourceDate "2014.02.28"]
[SourceVersion "1"]
[SourceVersionDate "2014.02.28"]
[SourceQuality "1"]

1. e4 e6 2. d4 d5 3. e5 c5 4. c3 Bd7 5. Nf3 Qb6 6. Be2 cxd4 7. Nxd4 Nc6 8. Nxc6 bxc6 9. 0-0 Ne7 10. Nd2 Ng6 11. Nf3 Be7 12. Bd3 0-0 13. h4 Qc7 14. Re1 f6 15. Bxg6 hxg6 16. Bf4 Qb6 17. Qc2 Kf7 18. Re2 c5 19. Rae1 Rh8 20. g4 f5 21. h5 gxh5 22. gxf5 Rae8 23. Kh2 Reg8 24. Bg5 Bxg5 25. Nxg5+ Ke7 26. f6+ gxf6 27. exf6+ Kxf6 28. Rxe6+ Bxe6 29. Rxe6+ Qxe6 30. Nxe6 Kxe6 31. Qe2+ Kf5 32. Qf3+ Ke5 33. Qe3+ Kd6 34. Qf4+ Ke6 35. Qc7 Rc8 36. Qxa7 Rhd8 37. Qa6+ Ke7 38. Qe2+ Kd6 39. Qe3 Kc6 40. a4 d4 41. Qe6+ Kb7 42. cxd4 Rxd4 43. Qf7+ Rc7 44. Qf3+ Ka7 45. b3 h4 46. Qc3 Rb4 47. Qe3 Rd4 1/2-1/2

[Event "Wch U18 Girls"]
[Site "Al Ain"]
[Date "2013.12.23"]
[Round "7"]
[White "Regam, Jessica"]
[Black "Michelle, Catherina P"]
[Result "1/2-1/2"]
[WhiteElo "2019"]
[BlackElo "2137"]
[PlyCount "157"]
[EventDate "2013.12.18"]
[EventType "swiss"]
[EventRounds "11"]
[EventCountry "UAE"]
[SourceTitle "CBM 158 Extra"]
[Source "ChessBase"]
[SourceDate "2014.02.28"]
[SourceVersion "1"]
[SourceVersionDate "2014.02.28"]
[SourceQuality "1"]

1. e4 e5 2. Nf3 Nc6 3. Bb5 a6 4. Ba4 Nge7 5. 0-0 g6 6. c3 Bg7 7. d4 exd4 8. cxd4 b5 9. Bb3 0-0 10. Nc3 d6 11. h3 h6 12. Bf4 Kh7 13. Re1 f5 14. e5 dxe5 15. dxe5 Qxd1 16. Raxd1 g5 17. Bh2 Na5 18. Bc2 Kg8 19. Nd5 Nxd5 20. Rxd5 Be6 21. Rc5 Bxa2 22. Rxc7 Bb3 23. Nd4 Bxc2 24. Rxc2 f4 25. Ne6 Rfc8 26. Rxc8+ Rxc8 27. g3 f3 28. g4 Nc4 29. Nxg7 Kxg7 30. e6 Kf6 31. e7 Re8 32. Bc7 Kf7 33. Bd8 Nxb2 34. Re3 Nc4 35. Rxf3+ Kg7 36. Rf5 Nd6 37. Rd5 Nc8 38. Rd7 Kf7 39. Kf1 Nxe7 40. Ba5 Kg8 41. Rd6 Rb8 42. Rxa6 b4 43. Bxb4 Rxb4 44. Rxh6 Kg7 45. Rh5 Kf6 46. h4 Rxg4 47. hxg5+ Kg6 48. Rh2 Ra4 49. Rg2 Nd5 50. Ke1 Nf4 51. Rg3 Ra2 52. Rb3 Kxg5 53. f3 Ng2+ 54. Kd1 Kf4 55. Kc1 Ne3 56. Kb1 Rd2 57. Rb2 Rd1+ 58. Ka2 Kxf3 59. Rb8 Rc1 60. Kb2 Rc7 61. Kb3 Ke4 62. Re8+ Kd4 63. Rd8+ Nd5 64. Rh8 Rc3+ 65. Kb2 Rg3 66. Rd8 Rg7 67. Kc2 Rb7 68. Rh8 Ne3+ 69. Kd2 Rb2+ 70. Ke1 Nf5 71. Rd8+ Ke3 72. Re8+ Kd3 73. Rd8+ Nd4 74. Kf1 Ke3 75. Re8+ Kf4 76. Ke1 Nf5 77. Kd1 Ne3+ 78. Kc1 Rc2+ 79. Kb1 1/2-1/2

[Event "Toronto NAYCC U18 Girls"]
[Site "Toronto"]
[Date "2013.08.17"]
[Round "6"]
[White "Botez, Alexandra"]
[Black "Regam, Jessica"]
[Result "1-0"]
[WhiteElo "2202"]
[BlackElo "2125"]
[PlyCount "73"]
[EventDate "2013.08.14"]
[EventType "swiss"]
[EventRounds "9"]
[EventCountry "CAN"]
[SourceTitle "EXT 2022"]
[Source "ChessBase"]
[SourceDate "2021.10.06"]
[SourceVersion "1"]
[SourceVersionDate "2021.10.06"]
[SourceQuality "1"]

1. d4 Nf6 2. c4 g6 3. f3 Bg7 4. e4 d6 5. Nc3 0-0 6. Be3 c5 7. d5 e6 8. Qd2 exd5 9. cxd5 a6 10. a4 Re8 11. Nge2 Nbd7 12. Ng3 h5 13. Be2 h4 14. Nf1 Nh7 15. Bf2 Ne5 16. h3 Rb8 17. Nh2 g5 18. 0-0 Ng6 19. Be3 f5 20. Rab1 Be5 21. b4 Qf6 22. Nd1 cxb4 23. Rxb4 Bf4 24. Bxa6 fxe4 25. Bxf4 Nxf4 26. Bb5 Re5 27. fxe4 Qg6 28. Nf2 Nf6 29. Nf3 Re7 30. e5 N6xd5 31. exd6 Qxd6 32. Rd4 Bd7 33. Bc4 Bc6 34. Ne4 Qd8 35. Nf6+ Kh8 36. Nxg5 Qc7 37. Rd1 1-0

[Event "Toronto NAYCC U18 Girls"]
[Site "Toronto"]
[Date "2013.08.15"]
[Round "2"]
[White "Lee, Megan Shuen Hui"]
[Black "Regam, Jessica"]
[Result "1-0"]
[WhiteElo "2127"]
[BlackElo "2125"]
[PlyCount "87"]
[EventDate "2013.08.14"]
[EventType "swiss"]
[EventRounds "9"]
[EventCountry "CAN"]
[SourceTitle "EXT 2022"]
[Source "ChessBase"]
[SourceDate "2021.10.06"]
[SourceVersion "1"]
[SourceVersionDate "2021.10.06"]
[SourceQuality "1"]

1. e4 e6 2. d4 d5 3. e5 c5 4. c3 Qb6 5. Nf3 Bd7 6. Be2 Nc6 7. 0-0 Rc8 8. dxc5 Bxc5 9. b4 Bf8 10. Bf4 Nge7 11. Re1 Ng6 12. Bg3 Be7 13. Bd3 0-0 14. a3 a6 15. Ra2 Na7 16. h4 Qd8 17. h5 Nh4 18. Nxh4 Bxh4 19. Bf4 Bb5 20. Bxb5 Nxb5 21. Qg4 Kh8 22. Rc1 Rc4 23. g3 Be7 24. a4 Na7 25. Nd2 Rc7 26. Be3 Qb8 27. Rac2 Nc6 28. Bb6 Rd7 29. f4 d4 30. cxd4 Nxd4 31. Rc4 Nc6 32. Ne4 Bxb4 33. h6 Rg8 34. Qh5 gxh6 35. Qxh6 Rg6 36. Qh5 Rd3 37. Bf2 Be7 38. Rb1 Qc8 39. Qe2 Qd7 40. Nd6 b5 41. axb5 axb5 42. Rxb5 Rxd6 43. exd6 Qxd6 44. Rb6 1-0

[Event "Pan American-ch U18 Girls 24th"]
[Site "Pocos de Caldas"]
[Date "2013.07.30"]
[Round "8"]
[White "Regam, Jessica"]
[Black "Nunez Marquina, Nataly Massiel"]
[Result "1/2-1/2"]
[WhiteElo "1975"]
[BlackElo "1999"]
[PlyCount "91"]
[EventDate "2013.07.26"]
[EventType "swiss"]
[EventRounds "9"]
[EventCountry "BRA"]
[SourceTitle "EXT 2018"]
[Source "ChessBase"]
[SourceDate "2017.10.13"]
[SourceVersion "1"]
[SourceVersionDate "2017.10.13"]
[SourceQuality "1"]

1. e4 c5 2. Nf3 e6 3. d4 cxd4 4. Nxd4 a6 5. Bd3 Nf6 6. Nc3 Qc7 7. Qe2 Bd6 8. h3 Nc6 9. Nxc6 dxc6 10. 0-0 e5 11. f4 b5 12. a3 0-0 13. f5 Re8 14. g4 Nd7 15. g5 f6 16. Kh1 fxg5 17. Bxg5 Be7 18. Bc4+ Kf8 19. Bxe7+ Rxe7 20. Bb3 Nf6 21. Rad1 Bd7 22. Qd2 Be8 23. Qd6 Bf7 24. Qc5 Rb8 25. Be6 Bxe6 26. fxe6 Ke8 27. Rd6 Rc8 28. Qxe5 Rd8 29. Rfd1 Rxd6 30. Rxd6 Kf8 31. Qc5 g6 32. e5 Nd5 33. Nxd5 cxd5 34. Qf2+ Kg7 35. Qf6+ Kh6 36. h4 d4 37. Rxd4 Qc6+ 38. Kg1 Qxe6 39. Qxe6 Rxe6 40. Re4 g5 41. Kf2 gxh4 42. Rxh4+ Kg6 43. Rg4+ Kf5 44. Rh4 h6 45. Kf3 Kxe5 46. Ke3 1/2-1/2

[Event "Pan American-ch U18 Girls 24th"]
[Site "Pocos de Caldas"]
[Date "2013.07.27"]
[Round "3"]
[White "Rodriguez Rueda, Paula Andrea"]
[Black "Regam, Jessica"]
[Result "1/2-1/2"]
[WhiteElo "2209"]
[BlackElo "1975"]
[PlyCount "80"]
[EventDate "2013.07.26"]
[EventType "swiss"]
[EventRounds "9"]
[EventCountry "BRA"]
[SourceTitle "EXT 2018"]
[Source "ChessBase"]
[SourceDate "2017.10.13"]
[SourceVersion "1"]
[SourceVersionDate "2017.10.13"]
[SourceQuality "1"]

1. d4 Nf6 2. c4 g6 3. Nc3 Bg7 4. e4 d6 5. f3 0-0 6. Be3 c5 7. Nge2 Nbd7 8. Qd2 e6 9. 0-0-0 Qa5 10. g4 Qb4 11. Ng3 cxd4 12. Bxd4 Ne5 13. Bxe5 dxe5 14. h4 b6 15. h5 Ba6 16. g5 Nxh5 17. Nxh5 gxh5 18. Qh2 Rfd8 19. Rxd8+ Rxd8 20. Qxh5 Qc5 21. Kb1 Qe3 22. Be2 Rd2 23. Qxh7+ Kf8 24. g6 f6 25. Qh3 Bc8 26. Qf1 Bd7 27. Qc1 Bh6 28. Rd1 Kg7 29. Rxd2 Qxd2 30. Qxd2 Bxd2 31. Kc2 Be3 32. Kd3 Bd4 33. Bd1 Kxg6 34. Ba4 Bxc3 35. Bxd7 Bxb2 36. Bxe6 Kg7 37. Kc2 Bd4 38. Kb3 Kf8 39. Kb4 Ke7 40. Bd5 a5+ 1/2-1/2

[Event "Wch U18 Girls"]
[Site "Al Ain"]
[Date "2013.??.??"]
[Round "3"]
[White "Regam, Jessica"]
[Black "Tarmastin, Laura"]
[Result "1-0"]
[WhiteElo "2019"]
[BlackElo "1791"]
[PlyCount "115"]
[EventDate "2013.12.18"]
[EventType "swiss"]
[EventRounds "11"]
[EventCountry "UAE"]
[SourceTitle "CBM 158 Extra"]
[Source "ChessBase"]
[SourceDate "2014.02.28"]
[SourceVersion "1"]
[SourceVersionDate "2014.02.28"]
[SourceQuality "1"]

1. e4 e5 2. Nf3 Nc6 3. Bb5 a6 4. Ba4 Nf6 5. 0-0 Be7 6. Re1 d6 7. c3 b5 8. Bc2 0-0 9. h3 Re8 10. d4 Bd7 11. Nbd2 Bf8 12. Nf1 Na5 13. b3 h6 14. Bd2 c5 15. d5 Qc7 16. Ne3 g6 17. Nh2 h5 18. c4 Reb8 19. Bc3 Bg7 20. Rf1 Re8 21. Qd2 b4 22. Bb2 Nb7 23. Bd3 Nh7 24. f4 a5 25. fxe5 Bxe5 26. Bxe5 Rxe5 27. Qf2 Rf8 28. Nf3 Ree8 29. Qg3 Kh8 30. Rae1 Bc8 31. Nd1 Re7 32. e5 dxe5 33. Nxe5 Rg8 34. Qf4 Kg7 35. Re3 Nd6 36. g4 g5 37. Qh2 h4 38. Qb2 f6 39. Nc6 Rxe3 40. Nxe3 Ne8 41. Qh2 Qxh2+ 42. Kxh2 Bd7 43. Nxa5 Bc8 44. Nc6 Rf8 45. Nc2 Nd6 46. Re1 Rf7 47. Re7 Nf8 48. Rxf7+ Kxf7 49. a3 bxa3 50. Nxa3 Nd7 51. Nd8+ Ke7 52. Ne6 Ba6 53. Nb1 Bc8 54. Nc3 Nf7 55. Na2 Ba6 56. Kg2 Kd6 57. Kf3 Ke7 58. Ke3 1-0

[Event "Wch U16 Girls"]
[Site "Maribor"]
[Date "2012.11.17"]
[Round "10.14"]
[White "Horvath, Ilona Klara"]
[Black "Regam, Jessica"]
[Result "0-1"]
[WhiteElo "1846"]
[BlackElo "1969"]
[PlyCount "106"]
[EventDate "2012.11.08"]
[EventType "swiss"]
[EventRounds "11"]
[EventCountry "SLO"]
[SourceTitle "EXT 2013"]
[Source "ChessBase"]
[SourceDate "2012.11.22"]
[SourceVersion "1"]
[SourceVersionDate "2012.11.22"]
[SourceQuality "1"]

1. e4 e6 2. f4 c5 3. Nf3 a6 4. Be2 Nc6 5. c3 Nge7 6. d3 g6 7. 0-0 Bg7 8. Na3 0-0 9. Be3 d6 10. Nc2 b5 11. Qd2 f5 12. Rad1 Qc7 13. h4 Rb8 14. a3 a5 15. b4 axb4 16. cxb4 cxb4 17. Nxb4 Nxb4 18. Qxb4 Nc6 19. Qb3 Na5 20. Qa2 Qc3 21. Rc1 Qb2 22. Rc2 Qxa2 23. Rxa2 fxe4 24. dxe4 Nc4 25. Bxc4 bxc4 26. Rd1 Rb3 27. Kf2 Bh6 28. g3 e5 29. Ng5 Rf6 30. a4 Ba6 31. a5 Bf8 32. Nf3 Bh6 33. Ng5 Bf8 34. Nf3 c3 35. Rc2 Rf7 36. Ng5 Rfb7 37. Bb6 exf4 38. gxf4 Rb2 39. Rxb2 cxb2 40. Ke3 Bc4 41. Rb1 Bg7 42. Kd2 Ba2 43. Kc2 Rb8 44. Rxb2 Rc8+ 45. Kd2 Bxb2 46. a6 Bc1+ 47. Ke1 Bxf4 48. a7 Bxg5 49. hxg5 Bb1 50. Kd2 Bxe4 51. Ke3 Ba8 52. Kf4 Kf7 53. Ke3 Ke6 0-1

[Event "Wch U16 Girls"]
[Site "Caldas Novas"]
[Date "2011.11.18"]
[Round "1"]
[White "Regam, Jessica"]
[Black "Castrillon Gomez, Melissa"]
[Result "1/2-1/2"]
[WhiteElo "1818"]
[BlackElo "2210"]
[PlyCount "82"]
[EventDate "2011.11.18"]
[EventType "swiss"]
[EventRounds "9"]
[EventCountry "BRA"]
[SourceTitle "EXT 2013"]
[Source "ChessBase"]
[SourceDate "2012.11.22"]
[SourceVersion "1"]
[SourceVersionDate "2012.11.22"]
[SourceQuality "1"]

1. e4 c5 2. Nf3 d6 3. d4 Nf6 4. Nc3 cxd4 5. Nxd4 g6 6. Be3 Bg7 7. f3 0-0 8. Qd2 Nc6 9. Bc4 Nd7 10. 0-0-0 Nb6 11. Bb3 Na5 12. Qd3 Nxb3+ 13. Nxb3 Be6 14. Nd5 Bxd5 15. exd5 Rc8 16. Kb1 Qc7 17. c3 Nc4 18. Bd4 Ne5 19. Qe4 f5 20. Qe3 f4 21. Qe4 a5 22. Bf2 b5 23. Nd4 b4 24. Ne6 Qb7 25. cxb4 Rc4 26. Bd4 Rxb4 27. Nxg7 Kxg7 28. Bxe5+ dxe5 29. Qxe5+ Kg8 30. h4 Rb8 31. Rd2 a4 32. h5 a3 33. b3 gxh5 34. Rd3 Qa6 35. Rhd1 Qg6 36. Qe6+ Qxe6 37. dxe6 R8b6 38. Rc1 Kg7 39. Rd5 Kg6 40. Re5 h6 41. Ree1 Rc6 1/2-1/2

[Event "US Open-112"]
[Site "Orlando"]
[Date "2011.08.07"]
[Round "9"]
[White "Vibbert, Sean"]
[Black "Regam, Jessica"]
[Result "1-0"]
[WhiteElo "2159"]
[BlackElo "1819"]
[PlyCount "51"]
[EventDate "2011.07.30"]
[EventType "swiss"]
[EventRounds "9"]
[EventCountry "USA"]
[SourceTitle "CBM 143 Extra"]
[Source "ChessBase"]
[SourceDate "2011.08.29"]
[SourceVersion "1"]
[SourceVersionDate "2011.08.29"]
[SourceQuality "1"]

1. e4 e6 2. d4 d5 3. Nc3 Nf6 4. Bg5 Be7 5. e5 Nfd7 6. Bxe7 Qxe7 7. f4 a6 8. Nf3 c5 9. Qd2 Nc6 10. dxc5 Nxc5 11. Bd3 b5 12. Ne2 Bb7 13. 0-0 0-0 14. Nfd4 Nxd4 15. Nxd4 f6 16. Qe3 Rae8 17. Rae1 Nd7 18. exf6 Rxf6 19. g4 e5 20. g5 Rff8 21. Bf5 e4 22. Qh3 Nf6 23. gxf6 Qxf6 24. Qxh7+ Kf7 25. Qh5+ Kg8 26. Bh7+ 1-0

[Event "US Open-112"]
[Site "Orlando"]
[Date "2011.08.05"]
[Round "7"]
[White "Pabon, Tony"]
[Black "Regam, Jessica"]
[Result "0-1"]
[WhiteElo "1627"]
[BlackElo "1819"]
[PlyCount "80"]
[EventDate "2011.07.30"]
[EventType "swiss"]
[EventRounds "9"]
[EventCountry "USA"]
[SourceTitle "CBM 143 Extra"]
[Source "ChessBase"]
[SourceDate "2011.08.29"]
[SourceVersion "1"]
[SourceVersionDate "2011.08.29"]
[SourceQuality "1"]

1. d4 Nf6 2. Nf3 g6 3. c4 Bg7 4. Nc3 0-0 5. e4 d6 6. Be2 e5 7. d5 a5 8. Bg5 h6 9. Bd2 Na6 10. Qc1 Kh7 11. Bd3 Nc5 12. Bc2 Nh5 13. 0-0 Bd7 14. Ne1 Qh4 15. Be3 b6 16. f3 Nf4 17. Qd2 Nh5 18. Ne2 Qe7 19. Nc1 Nf4 20. Ncd3 Ncxd3 21. Nxd3 Nxd3 22. Qxd3 Kg8 23. a4 f5 24. b3 f4 25. Bf2 g5 26. Bd1 h5 27. h3 Rf6 28. Be1 Rg6 29. Ra2 Bf6 30. Kf2 Qg7 31. Rg1 Kf7 32. Kf1 Rg8 33. Bc3 g4 34. fxg4 hxg4 35. Bxg4 Bxg4 36. hxg4 Rxg4 37. Be1 Bh4 38. Rb2 Bxe1 39. Kxe1 Rg3 40. Qe2 Re3 0-1

[Event "North American-ch U14 Girls"]
[Site "Montreal"]
[Date "2010.08.19"]
[Round "7"]
[White "Regam, Jessica"]
[Black "Zhurbinskiy, Eve D"]
[Result "0-1"]
[WhiteElo "1941"]
[BlackElo "2003"]
[PlyCount "52"]
[EventDate "2010.08.16"]
[EventType "tourn"]
[EventRounds "7"]
[EventCountry "CAN"]
[SourceTitle "EXT 2013"]
[Source "ChessBase"]
[SourceDate "2012.11.22"]
[SourceVersion "1"]
[SourceVersionDate "2012.11.22"]
[SourceQuality "1"]

1. e4 Nf6 2. e5 Nd5 3. d4 d6 4. c4 Nb6 5. Nf3 Bg4 6. exd6 exd6 7. Be2 Be7 8. 0-0 0-0 9. Nc3 N8d7 10. b3 Bf6 11. Be3 Re8 12. Rc1 Be7 13. Qc2 Nf6 14. Rfd1 c6 15. h3 Bh5 16. Rd2 Bg6 17. Bd3 Qc8 18. Nh4 Bxd3 19. Qxd3 Ng4 20. Nf5 Nxe3 21. Nxe7+ Rxe7 22. fxe3 Qe6 23. Re2 Rae8 24. e4 Qg6 25. Re3 f5 26. exf5 Qh6 0-1

[Event "North American-ch U14 Girls"]
[Site "Montreal"]
[Date "2010.08.18"]
[Round "5"]
[White "Regam, Jessica"]
[Black "Loranger, Erika"]
[Result "1-0"]
[WhiteElo "1941"]
[BlackElo "1096"]
[PlyCount "123"]
[EventDate "2010.08.16"]
[EventType "tourn"]
[EventRounds "7"]
[EventCountry "CAN"]
[SourceTitle "EXT 2013"]
[Source "ChessBase"]
[SourceDate "2012.11.22"]
[SourceVersion "1"]
[SourceVersionDate "2012.11.22"]
[SourceQuality "1"]

1. e4 e5 2. Nf3 Nc6 3. Bb5 Nf6 4. 0-0 Nxe4 5. d4 Bd6 6. Re1 Nf6 7. dxe5 Bxe5 8. Nxe5 0-0 9. Nxc6 dxc6 10. Bd3 Be6 11. Nc3 Qe7 12. Bf5 Rad8 13. Qe2 Rfe8 14. Bxe6 Qxe6 15. Qxe6 Rxe6 16. Rxe6 fxe6 17. Bf4 Rd7 18. Kf1 Re7 19. Rd1 e5 20. Bg5 Rf7 21. Rd8+ Rf8 22. Bxf6 gxf6 23. Rxf8+ Kxf8 24. Ke2 Ke7 25. Kf3 Ke6 26. Ne4 b6 27. g4 h6 28. Kg3 f5 29. gxf5+ Kxf5 30. f3 h5 31. Nf2 a5 32. Nd3 c5 33. b3 c6 34. Kh4 e4 35. fxe4+ Kxe4 36. Kxh5 Kf5 37. h4 Kf6 38. Kg4 Kg6 39. Ne5+ Kh6 40. Nxc6 Kg6 41. h5+ Kh6 42. Ne7 Kg7 43. Kg5 b5 44. h6+ Kh7 45. Nf5 a4 46. bxa4 bxa4 47. Nd6 a3 48. Nc4 Kg8 49. Nxa3 Kh8 50. Nc4 Kg8 51. a4 Kf7 52. a5 Ke6 53. h7 Kd5 54. Nb6+ Kd4 55. h8Q+ Ke4 56. a6 Ke3 57. a7 Ke4 58. a8Q+ Ke3 59. Qc3+ Kf2 60. Qaf3+ Kg1 61. Qe1+ Kh2 62. Qef2# 1-0